LDR 00999naa#a2200205#i#450# 001 EN\\bibl\119669 005 20260413085628.1 011 ## _a2311-8873 100 ## _a20260410b2026####ek#y0engy0150####ca 102 ## _aRU 200 1# _aTHE IMPACT OF REGIONAL PECULIARITIES ON IMPROVING PEDESTRIAN SAFETY _eJournal article 210 1# _aVoronezh _cFSBE Institution of Higher Education Voronezh State University of Forestry and Technologies named after G.F. Morozov _d2026 215 ## _a8 с. 608 ## _aJournal article _2local 675 ## _aОрганизация и эксплуатация автомобильного транспорта. Движение автомобилей. Общие вопросы. 656.13 _aДвижение пешеходов. Верховая езда и вьючные перевозки. 656.14 _z 700 #1 _aMakarova _gIrina 700 #1 _aGabsalikhova _gLarisa 700 #1 _aImomnazarov _gSarvar Kovilzhonovich 700 #1 _aMahmudov _gAvazbek Akramzhon Ugli 856 4# _avntv.editorum.ru _u